Datum a čas kvízu
13.5
Celkem bodů
Celkový počet nahraných bodů na tomto kvízu bez doplňovacích otázek.
8.
Pořadí na kvízu
Konečné umístění týmu na tomto kvízu.
Zaznamenané odpovědi
| # | Otázka | Odpověď | Body | Výsledky |
|---|---|---|---|---|
| 1. | Ve svatovítské katedrále se v... | Petr Fiala | 0 | |
| 2. | V rakouském St. Pölten se na t... | o losa | 1 | |
| 3. | V noci z neděle na pondělí min... | Adolescent (Adolescence) | 0 | |
| 4. | Společnost China Eastern Airli... | Buenos Aires | 1 | |
| 5. | Švédský atletický fenomén Arma... | 630 cm | 0 | |
| 6. | Ve spolupráci s Radou Evropy j... | 1C 2D 3B 4A | 0 | |
| 7. | Pokud vám prozradíme, že červe... | július | 1 | |
| 8. | Jak se jmenuje autonomní oblas... | Vojvodina | 0 | |
| 9. | Která z těchto knih nebyla nap... | B | 0 | |
| 10. | Pozoruhodným jazykem je velšti... | slunéčko (beruška) | 0 |